Loading...
| Science - Chemistry | 0 | 3 | 1 | 0 | 25 | 99 | 107.67 | 1 | 3 |
| History - Other History | 1 | 1 | 1 | 0 | 20 | 53 | 84.50 | 0 | 2 |
| Philosophy | 0 | 2 | 1 | 0 | 15 | 128 | 135.00 | 0 | 2 |
| History - European History | 0 | 1 | 0 | 0 | 10 | 91 | 91.00 | 0 | 1 |
| History - World History | 0 | 1 | 0 | 0 | 10 | 93 | 93.00 | 0 | 1 |
| Science - Other Science | 0 | 2 | 2 | 1 | 10 | 103 | 125.50 | 0 | 2 |
| Science - Physics | 0 | 2 | 2 | 0 | 10 | 83 | 106.00 | 0 | 2 |
| Fine Arts - Auditory Fine Arts | 0 | 1 | 1 | 0 | 5 | 136 | 136.00 | 0 | 1 |
| Literature - European Literature | 0 | 0 | 0 | 0 | 0 | 0.00 | 0 | 0 | |
| Literature - British Literature | 0 | 0 | 0 | 0 | 0 | 0.00 | 0 | 0 | |
| Social Science | 0 | 0 | 0 | 0 | 0 | 0.00 | 0 | 0 | |
| Religion | 0 | 0 | 1 | 0 | -5 | 0.00 | 0 | 0 | |
| Fine Arts - Visual Fine Arts | 0 | 0 | 1 | 0 | -5 | 0.00 | 0 | 0 | |
| Science - Biology | 0 | 0 | 2 | 0 | -10 | 0.00 | 0 | 0 |